[Event "ESP-ch U18"]
[Site "Salobrena"]
[Date "2021.07.31"]
[Round "9"]
[White "Clemente Chen, Alfredo"]
[Black "Ponseti Lluch, Joan"]
[Result "1/2-1/2"]
[WhiteElo "1833"]
[BlackElo "1993"]
[PlyCount "94"]
[EventDate "2021.07.26"]
[EventType "swiss"]
[EventRounds "9"]
[EventCountry "ESP"]
[SourceTitle "CBM 203 Extra"]
[Source "ChessBase"]
[SourceDate "2021.09.30"]
[SourceVersion "1"]
[SourceVersionDate "2021.09.30"]
[SourceQuality "1"]

1. d4 Nf6 2. Nf3 e6 3. Bg5 Be7 4. e3 b6 5. Bd3 Bb7 6. Nbd2 d5 7. 0-0 c5 8. c3 Nc6 9. Qa4 0-0 10. Ne5 Rc8 11. f4 Re8 12. Rf3 g6 13. Raf1 Nd7 14. Bxe7 Qxe7 15. Qd1 f5 16. Nxd7 Qxd7 17. g4 Qf7 18. Rg3 Kf8 19. Nf3 Ke7 20. Ne5 Nxe5 21. fxe5 Kd7 22. Bb5+ Bc6 23. Qa4 Bxb5 24. Qxb5+ Kd8 25. Rf2 Qd7 26. Qxd7+ Kxd7 27. Rh3 Re7 28. g5 Rf8 29. Rf4 Kc6 30. Kf2 c4 31. Ke2 b5 32. Rfh4 Rff7 33. Kd2 a5 34. a3 Ra7 35. Kc2 Rfb7 36. Rh6 b4 37. a4 bxc3 38. bxc3 Rc7 39. Rf3 Rab7 40. Rf1 Rb3 41. Rb1 Ra3 42. h4 Rxa4 43. h5 Ra2+ 44. Rb2 Rxb2+ 45. Kxb2 Rg7 46. hxg6 Rxg6 47. Rxg6 hxg6 1/2-1/2

[Event "ESP-ch U18"]
[Site "Salobrena"]
[Date "2019.07.27"]
[Round "9"]
[White "Ponseti Lluch, Joan"]
[Black "Alvarez Albiol, Victor"]
[Result "0-1"]
[WhiteElo "1923"]
[BlackElo "2075"]
[PlyCount "102"]
[EventDate "2019.07.22"]
[EventType "swiss"]
[EventRounds "9"]
[EventCountry "ESP"]
[SourceTitle "CBM 191 Extra"]
[Source "ChessBase"]
[SourceDate "2019.09.30"]
[SourceVersion "1"]
[SourceVersionDate "2019.09.30"]
[SourceQuality "1"]

1. d4 Nf6 2. c4 Nc6 3. Nf3 e6 4. g3 Bb4+ 5. Bd2 Qe7 6. Nc3 d6 7. Bg2 0-0 8. Rc1 h6 9. a3 Bxc3 10. Bxc3 a5 11. d5 Nb8 12. dxe6 Bxe6 13. Bxf6 Qxf6 14. Nd4 Nc6 15. Nxc6 bxc6 16. Qc2 Rab8 17. b3 c5 18. Rb1 a4 19. 0-0 Qd4 20. Rfc1 axb3 21. Rxb3 Rxb3 22. Qxb3 Qd2 23. Qc2 Qxc2 24. Rxc2 Rb8 25. Bc6 Rb6 26. Bd5 Bxd5 27. cxd5 Ra6 28. Rc3 f5 29. e3 Kf7 30. Kg2 Kf6 31. f4 c6 32. dxc6 Rxc6 33. Kf3 Ke6 34. Ke2 Kd5 35. Kd2 c4 36. Kc2 Ra6 37. Kd2 Ra4 38. Ke2 Ke4 39. Kf2 d5 40. Ke2 g6 41. Kd2 g5 42. Ke2 gxf4 43. gxf4 Ra6 44. Kf2 Rb6 45. Rc2 Kd3 46. Rc1 Rb2+ 47. Kf3 c3 48. Rd1+ Rd2 49. Ra1 c2 50. a4 Rd1 51. Ra3+ Kc4 0-1

[Event "ESP-ch U18"]
[Site "Salobrena"]
[Date "2019.07.26"]
[Round "7"]
[White "Ponseti Lluch, Joan"]
[Black "Dan, Teodor"]
[Result "0-1"]
[WhiteElo "1923"]
[BlackElo "2109"]
[PlyCount "74"]
[EventDate "2019.07.22"]
[EventType "swiss"]
[EventRounds "9"]
[EventCountry "ESP"]
[SourceTitle "CBM 191 Extra"]
[Source "ChessBase"]
[SourceDate "2019.09.30"]
[SourceVersion "1"]
[SourceVersionDate "2019.09.30"]
[SourceQuality "1"]

1. d4 g6 2. c4 Bg7 3. Nf3 Nf6 4. Nc3 0-0 5. e4 d6 6. Be2 e5 7. 0-0 Nc6 8. d5 Ne7 9. Ne1 Nd7 10. Be3 f5 11. f3 f4 12. Bf2 g5 13. Rc1 Ng6 14. c5 Nxc5 15. b4 Na6 16. Nb5 h5 17. Nxa7 Bd7 18. Bxa6 bxa6 19. Qc2 Rf7 20. Qxc7 Qf8 21. Qc2 g4 22. Nc6 Bh6 23. Rb1 g3 24. hxg3 fxg3 25. Bxg3 h4 26. Bh2 Be3+ 27. Kh1 Nf4 28. Qb3 Bb6 29. Nd3 Ne2 30. Bg1 Nxg1 31. Rxg1 Re8 32. Rgf1 h3 33. Rb2 Rg7 34. g4 Rxg4 35. Qd1 Rg2 36. Rc2 Qg7 37. f4 Qg3 0-1

[Event "ESP-ch U18"]
[Site "Salobrena"]
[Date "2019.07.22"]
[Round "2"]
[White "Ponseti Lluch, Joan"]
[Black "Amengual Perello, Jordi"]
[Result "1/2-1/2"]
[WhiteElo "1923"]
[BlackElo "2130"]
[PlyCount "34"]
[EventDate "2019.07.22"]
[EventType "swiss"]
[EventRounds "9"]
[EventCountry "ESP"]
[SourceTitle "CBM 191 Extra"]
[Source "ChessBase"]
[SourceDate "2019.09.30"]
[SourceVersion "1"]
[SourceVersionDate "2019.09.30"]
[SourceQuality "1"]

1. d4 Nf6 2. c4 e6 3. Nc3 Bb4 4. Qc2 b6 5. e4 c5 6. a3 Bxc3+ 7. bxc3 Bb7 8. Bd3 b5 9. Qb1 cxd4 10. cxd4 bxc4 11. Qxb7 cxd3 12. Qxa8 Qb6 13. Ra2 Qb1 14. Ra1 Qb6 15. Ra2 Qb1 16. Ra1 Qb6 17. Ra2 Qb1 1/2-1/2

[Event "Mallorca-ch"]
[Site "Mallorca"]
[Date "2019.04.27"]
[Round "?"]
[White "Ponseti Lluch, Joan"]
[Black "Gallardo Pina, Neus"]
[Result "1-0"]
[WhiteElo "1947"]
[BlackElo "1851"]
[PlyCount "49"]
[EventDate "2019.04.26"]
[EventType "swiss"]
[EventRounds "5"]
[EventCountry "ESP"]
[SourceTitle "EXT 2024"]
[Source "ChessBase"]
[SourceDate "2023.10.10"]
[SourceVersion "1"]
[SourceVersionDate "2023.10.10"]
[SourceQuality "1"]

1. d4 Nf6 2. Nf3 g6 3. c4 c5 4. Nc3 cxd4 5. Nxd4 Nc6 6. e4 Bg7 7. Be3 0-0 8. Be2 d6 9. 0-0 Bd7 10. Qd2 Ng4 11. Bxg4 Bxg4 12. f3 Be6 13. Nd5 Bxd5 14. exd5 Ne5 15. Rac1 Rc8 16. b3 a6 17. Qe2 h5 18. h3 Re8 19. f4 Nd7 20. f5 Ne5 21. fxg6 Nxg6 22. Qxh5 Qb6 23. Nf5 Qa5 24. Nxg7 Kxg7 25. Rxf7+ 1-0

[Event "Mallorca-ch U18"]
[Site "Mallorca"]
[Date "2019.04.21"]
[Round "5"]
[White "Ponseti Lluch, Joan"]
[Black "Gomila Benejam, Teodoro"]
[Result "1/2-1/2"]
[WhiteElo "1947"]
[BlackElo "1798"]
[PlyCount "69"]
[EventDate "2019.04.19"]
[EventType "swiss"]
[EventRounds "5"]
[EventCountry "ESP"]
[SourceTitle "EXT 2024"]
[Source "ChessBase"]
[SourceDate "2023.10.10"]
[SourceVersion "1"]
[SourceVersionDate "2023.10.10"]
[SourceQuality "1"]

1. d4 d5 2. Nf3 Nf6 3. c4 c6 4. Qc2 g6 5. e3 Bg7 6. Bd3 0-0 7. 0-0 dxc4 8. Bxc4 Bf5 9. Qe2 Nbd7 10. Nc3 Ne4 11. Nh4 Nxc3 12. bxc3 Be4 13. Bb3 e5 14. Nf3 exd4 15. cxd4 Nb6 16. Bb2 Re8 17. Rfd1 Bd5 18. Ne5 Qe7 19. Rac1 Rac8 20. Nd3 Bxb3 21. axb3 Nd5 22. Qf3 Nf6 23. Ne5 Nd7 24. Nc4 Red8 25. Ba3 Qf6 26. Qxf6 Nxf6 27. Be7 Rd7 28. Bc5 b6 29. Bxb6 axb6 30. Nxb6 Rb8 31. Nxd7 Nxd7 32. Rxc6 Rxb3 33. g3 Bf8 34. Rc7 Nf6 35. Ra1 1/2-1/2

[Event "Mallorca-ch U18"]
[Site "Mallorca"]
[Date "2019.04.19"]
[Round "1"]
[White "Ponseti Lluch, Joan"]
[Black "Canyelles Sureda, Joan"]
[Result "1-0"]
[WhiteElo "1947"]
[BlackElo "1535"]
[PlyCount "93"]
[EventDate "2019.04.19"]
[EventType "swiss"]
[EventRounds "5"]
[EventCountry "ESP"]
[SourceTitle "EXT 2024"]
[Source "ChessBase"]
[SourceDate "2023.10.10"]
[SourceVersion "1"]
[SourceVersionDate "2023.10.10"]
[SourceQuality "1"]

1. d4 d5 2. Nf3 Nf6 3. c4 e6 4. g3 Be7 5. Bg2 0-0 6. 0-0 c6 7. Qc2 Nbd7 8. Nbd2 Qc7 9. e4 Rd8 10. e5 Ne8 11. Re1 dxc4 12. Nxc4 Nb6 13. Nxb6 Qxb6 14. Be3 Qc7 15. Rac1 g6 16. Nd2 Ng7 17. Ne4 Nf5 18. Red1 Qb6 19. Qc3 Bd7 20. g4 Nxe3 21. Qxe3 Kg7 22. g5 Rh8 23. Nf6 Bxf6 24. gxf6+ Kf8 25. Qh6+ Ke8 26. b3 Qb4 27. Rc5 Qa3 28. Qg7 Rf8 29. Rd2 h5 30. Be4 Rc8 31. Rc4 Qa5 32. Re2 Qa3 33. Rec2 Qa5 34. b4 Qd8 35. Rc5 Qb6 36. a3 Qa6 37. R5c3 Qb6 38. Rc5 Qa6 39. b5 Qb6 40. Bxg6 Qa5 41. R2c3 Qa4 42. Bxf7+ Rxf7 43. Qg8+ Rf8 44. f7+ Ke7 45. Qg5+ Kxf7 46. Rf3+ Ke8 47. Qg6+ 1-0

[Event "ESP-ch U14"]
[Site "Granada"]
[Date "2016.07.13"]
[Round "4"]
[White "Ponseti Lluch, Joan"]
[Black "Perez Perez, Gabriel"]
[Result "0-1"]
[WhiteElo "1634"]
[BlackElo "1817"]
[PlyCount "84"]
[EventDate "2016.07.11"]
[EventType "swiss"]
[EventRounds "9"]
[EventCountry "ESP"]
[SourceTitle "EXT 2024"]
[Source "ChessBase"]
[SourceDate "2023.10.10"]
[SourceVersion "1"]
[SourceVersionDate "2023.10.10"]
[SourceQuality "1"]

1. d4 Nf6 2. Nf3 g6 3. c4 Bg7 4. g3 0-0 5. Bg2 d6 6. Nc3 Nc6 7. 0-0 e5 8. Re1 Bd7 9. e4 exd4 10. Nxd4 Nxd4 11. Qxd4 Nxe4 12. Qd3 Nxc3 13. bxc3 Bf5 14. Be4 Re8 15. Bd2 Bxe4 16. Rxe4 Qd7 17. Rae1 Qc6 18. f3 Rxe4 19. Qxe4 Qxe4 20. Rxe4 Kf8 21. Kf2 Re8 22. Rxe8+ Kxe8 23. Ke3 Bh6+ 24. f4 Kd7 25. Kd3 Kc6 26. Be3 Bg7 27. g4 a6 28. h3 f5 29. g5 Kd7 30. Kc2 c5 31. Kb3 Kc6 32. Bd2 b5 33. Be3 d5 34. cxb5+ axb5 35. Bd2 Bf8 36. Be3 c4+ 37. Kc2 Bc5 38. Kd2 b4 39. Bd4 Bxd4 40. cxd4 Kb5 41. Kc2 Ka4 42. h4 Ka3 0-1

[Event "Palma Bellon Memorial U16"]
[Site "Palma"]
[Date "2016.04.29"]
[Round "1"]
[White "Ermachenko, Manuel"]
[Black "Ponseti Lluch, Joan"]
[Result "1/2-1/2"]
[WhiteElo "1387"]
[BlackElo "1653"]
[PlyCount "110"]
[EventDate "2016.04.29"]
[EventType "swiss"]
[EventRounds "6"]
[EventCountry "ESP"]
[SourceTitle "EXT 2024"]
[Source "ChessBase"]
[SourceDate "2023.10.10"]
[SourceVersion "1"]
[SourceVersionDate "2023.10.10"]
[SourceQuality "1"]

1. e4 c5 2. Nf3 Nc6 3. d4 cxd4 4. Nxd4 g6 5. Be3 Bg7 6. c3 d6 7. Bb5 Bd7 8. Bxc6 bxc6 9. Nd2 Nf6 10. 0-0 0-0 11. Qc2 c5 12. N4b3 Qc7 13. f4 Ng4 14. Rae1 Nxe3 15. Rxe3 Bb5 16. c4 Ba4 17. Rh3 Bd7 18. f5 a5 19. Nf3 a4 20. Nbd2 Rab8 21. b3 axb3 22. axb3 h6 23. Rg3 g5 24. h4 d5 25. Kf2 dxe4 26. Qxe4 Bc6 27. Qg4 Bxf3 28. Nxf3 Rxb3 29. hxg5 Bd4+ 30. Nxd4 Rxg3 31. Qxg3 Qxg3+ 32. Kxg3 cxd4 33. gxh6 Kh7 34. Kf4 Rc8 35. Rc1 Kxh6 36. Ke4 Kg5 37. Kxd4 Kxf5 38. Kd5 Kg4 39. c5 f5 40. Ke6 Rc7 41. c6 f4 42. Kd5 Kg3 43. Rc2 Kg4 44. Kc5 Rc8 45. Kb6 e5 46. Re2 Kf5 47. Kb7 Rh8 48. c7 Rh7 49. Kb8 Rxc7 50. Kxc7 e4 51. Kd6 f3 52. Rf2 Kf4 53. Kd5 Ke3 54. gxf3 exf3 55. Rxf3+ Kxf3 1/2-1/2